| 000 | 01107nam a2200349Ia 4500 | ||
|---|---|---|---|
| 003 | OSt | ||
| 005 | 20220912150553.0 | ||
| 006 | a|||||r|||| 00| 0 | ||
| 007 | ta | ||
| 008 | 220909b |||||||| |||| 00| 0 eng d | ||
| 020 | _a0521564387 (hbd) | ||
| 024 | _a13548 | ||
| 037 | _bIN-00156, 24/02/2005, N R Book Distributors | ||
| 037 | _cTextbook | ||
| 040 |
_aCSL _beng _cCSL |
||
| 041 | _aeng | ||
| 082 | _aY7:(G:7), N9;1 TY | ||
| 100 | _aBogin Barry | ||
| 245 | 0 | _aPatterns of human growth | |
| 250 | _a2 | ||
| 260 |
_aCambridge _bCambridge University Press _c1999 |
||
| 300 |
_axiv, 455p. _ccm. |
||
| 490 | _aCambridge studies in biological and evolutionary anthropology; 23 | ||
| 500 |
_aGlossary 399-408p. _ccm.; Bibliographical references 409-441p. _ccm.; Index 442-455p. _ccm. |
||
| 650 | _a Evalution | ||
| 650 | _a Human evolution | ||
| 650 | _a Human growth | ||
| 650 | _a Physical anthropology | ||
| 650 | _aAnthropology | ||
| 942 |
_hY7:(G:7), N9;1 TY _cTB _2CC |
||
| 999 |
_c50378 _d50378 |
||